Ensueños y agonías (Record no. 111136)

MARC details
000 -LEADER
campo de control de longitud fija 00566nam a2200181 4500
001 - NÚMERO DE CONTROL
campo de control 111136
003 - IDENTIFICADOR DE NÚMERO DE CONTROL
campo de control ES-MaACL
005 - FECHA Y HORA DE LA ÚLTIMA TRANSACCIÓN
campo de control 20230906185240.0
007 - CAMPO FIJO DE DESCRIPCIÓN FÍSICA--INFORMACIÓN GENERAL
campo de control de longitud fija t|
008 - DATOS DE LONGITUD FIJA--INFORMACIÓN GENERAL
campo de control de longitud fija 061121s1965 sp r ||||1| spa d
100 1# - ENTRADA PRINCIPAL--NOMBRE DE PERSONA
Nombre de persona Olalde, Javier R.
9 (RLIN) 86643
245 10 - MENCIÓN DEL TÍTULO
Título Ensueños y agonías
Resto del título : poemas /
Mención de responsabilidad, etc. Javier R. Olalde ; prólogo de Alfonso de Castilla.
260 ## - PUBLICACIÓN, DISTRIBUCIÓN, ETC.
Lugar de publicación, distribución, etc. Madrid :
Nombre del editor, distribuidor, etc. S.O.L.,
Fecha de publicación, distribución, etc. 1965.
300 ## - DESCRIPCIÓN FÍSICA
Extensión 111 p. :
Otras características físicas 1 retr. aut. ;
Dimensiones 22 cm.
700 1# - ENTRADA AGREGADA--NOMBRE PERSONAL
Nombre de persona Castilla, Alfonso de.
9 (RLIN) 36642
852 ## - LOCALIZACIÓN
Ubicación ES-MaACL
Número de control de estantería C-28120
Sublocalización o colección R.57463
852 ## - LOCALIZACIÓN
Ubicación ES-MaACL
Número de control de estantería C-29766
Sublocalización o colección R.57734
Holdings
Estatus retirado Estado de pérdida Estado de daño No para préstamo Biblioteca de origen Biblioteca actual Ubicación en estantería Fecha de adquisición Fuente de adquisición Total de préstamos Signatura topográfica completa Código de barras Visto por última vez Precio de reemplazo Tipo de ítem Koha
        Biblioteca del Ateneo de Madrid Biblioteca del Ateneo de Madrid Depósito 2 17/01/2008     C-29766 1115950 23/02/2023 23/02/2023 Libro impreso
        Biblioteca del Ateneo de Madrid Biblioteca del Ateneo de Madrid Depósito 2 17/01/2008     C-28120 1115949 23/02/2023 23/02/2023 Libro impreso